<?xml version="1.0" encoding="UTF-8"?><?xml-stylesheet type="text/xsl" href="static/style.xsl"?><OAI-PMH xmlns="http://www.openarchives.org/OAI/2.0/" xmlns:xsi="http://www.w3.org/2001/XMLSchema-instance" xsi:schemaLocation="http://www.openarchives.org/OAI/2.0/ http://www.openarchives.org/OAI/2.0/OAI-PMH.xsd"><responseDate>2026-04-17T03:00:31Z</responseDate><request verb="GetRecord" identifier="oai:www.recercat.cat:2099.1/17715" metadataPrefix="marc">https://recercat.cat/oai/request</request><GetRecord><record><header><identifier>oai:recercat.cat:2099.1/17715</identifier><datestamp>2025-07-22T19:25:21Z</datestamp><setSpec>com_2072_1033</setSpec><setSpec>col_2072_452951</setSpec></header><metadata><record xmlns="http://www.loc.gov/MARC21/slim" xmlns:dcterms="http://purl.org/dc/terms/" xmlns:xsi="http://www.w3.org/2001/XMLSchema-instance" xmlns:doc="http://www.lyncode.com/xoai" xsi:schemaLocation="http://www.loc.gov/MARC21/slim http://www.loc.gov/standards/marcxml/schema/MARC21slim.xsd">
   <leader>00925njm 22002777a 4500</leader>
   <datafield ind2=" " ind1=" " tag="042">
      <subfield code="a">dc</subfield>
   </datafield>
   <datafield ind2=" " ind1=" " tag="720">
      <subfield code="a">Salazar Soler, Marta</subfield>
      <subfield code="e">author</subfield>
   </datafield>
   <datafield ind2=" " ind1=" " tag="260">
      <subfield code="c">2012-07-28</subfield>
   </datafield>
   <datafield ind2=" " ind1=" " tag="520">
      <subfield code="a">La tecnologia a través de lectures de llibres de narrativa, ciència-ficció i ciència de divulgació permet aprofundir en la influència d’aquesta disciplina en el desenvolupament de les societats. Es treballa la capacitat d’anàlisi i reflexió de l’alumnat per prendre consciència de com la tecnologia modela les societats passada, present i futura. &#xd;
Es proposa la lectura d’un llibre per a cadascun dels cursos de l’ESO amb les corresponents fitxes de treball per a l’alumnat i fitxes per al docent. L’alumnat treballarà de forma individual el llibre i la fitxa, a excepció d’aquells casos que el professorat consideri necessari el treball en parelles, i es finalitzarà l’activitat amb una sessió a l’aula per al debat en grup. Els llibres proposats són: I un dia serà demà, La força del riu, La ciutat sense muralles i Jo, robot, per a 1r, 2n, 3r i 4t d’ESO respectivament. &#xd;
Cada fitxa consta d’un treball previ de contextualització amb una breu biografia de l’autor i amb un estudi del context tecnològic de l’època en què s’escriu el llibre. A continuació l’alumnat realitzarà unes activitats d’anàlisi i reflexió que versaran sobre el tema tecnològic que tracta el llibre. L’alumnat haurà de raonar de forma coherent els seus arguments i justificar-los adequadament, si cal documentant-se prèviament. &#xd;
La valoració del mètode es realitzarà tenint en compte la durada de tota l’ESO. L’esperit de crítica i reflexió s’ha de treballar en el dia a dia, és un aprenentatge que evoluciona lentament i progressiva. Es presenten unes rúbriques d’avaluació de les fitxes dels llibres que permetran registrar el progrés d’aquest aprenentatge. &#xd;
En definitiva, s’utilitza el recurs de la literatura com a font d’informació i de coneixement inesgotable, per a la formació tecnològica de les persones.</subfield>
   </datafield>
   <datafield tag="653" ind2=" " ind1=" ">
      <subfield code="a">Àrees temàtiques de la UPC::Ensenyament i aprenentatge::Material didàctic::Objectes d'aprenentatge</subfield>
   </datafield>
   <datafield tag="653" ind2=" " ind1=" ">
      <subfield code="a">Àrees temàtiques de la UPC::Ensenyament i aprenentatge::Ensenyament secundari</subfield>
   </datafield>
   <datafield tag="653" ind2=" " ind1=" ">
      <subfield code="a">Technology--Study and teaching (Secondary)</subfield>
   </datafield>
   <datafield tag="653" ind2=" " ind1=" ">
      <subfield code="a">Science fiction--Fiction</subfield>
   </datafield>
   <datafield tag="653" ind2=" " ind1=" ">
      <subfield code="a">Tecnologia</subfield>
   </datafield>
   <datafield tag="653" ind2=" " ind1=" ">
      <subfield code="a">Societat</subfield>
   </datafield>
   <datafield tag="653" ind2=" " ind1=" ">
      <subfield code="a">Literatura</subfield>
   </datafield>
   <datafield tag="653" ind2=" " ind1=" ">
      <subfield code="a">Ciència-ficció</subfield>
   </datafield>
   <datafield tag="653" ind2=" " ind1=" ">
      <subfield code="a">Narrativa</subfield>
   </datafield>
   <datafield tag="653" ind2=" " ind1=" ">
      <subfield code="a">Tecnologia--Educació secundària</subfield>
   </datafield>
   <datafield tag="653" ind2=" " ind1=" ">
      <subfield code="a">Ciència-ficció--Narrativa</subfield>
   </datafield>
   <datafield ind2="0" ind1="0" tag="245">
      <subfield code="a">La tecnologia a l’ESO a través de la literatura narrativa i de divulgació. Influència de la tecnologia en la societat a través de lectures de ciència i ciència-ficció</subfield>
   </datafield>
</record></metadata></record></GetRecord></OAI-PMH>